The Marvel Cinematic Universe: The Infinity Saga - Statistics

General Stats
  • This quiz has been taken 65 times
  • The average score is 22 of 23
Answer Stats
Year Movie % Correct
2018 Avengers: Infinity War
100%
2008 Iron Man
100%
2010 Iron Man 2
100%
2013 Iron Man 3
100%
2008 The Incredible Hulk
100%
2011 Thor
100%
2019 Avengers: Endgame
98%
2011 Captain America: The First Avenger
98%
2012 The Avengers
98%
2015 Ant-Man
95%
2015 Avengers: Age of Ultron
95%
2016 Captain America: Civil War
95%
2017 Thor: Ragnarok
95%
2013 Thor: The Dark World
95%
2014 Captain America: The Winter Soldier
93%
2019 Spider-Man: Far From Home
93%
2018 Ant-Man and The Wasp
92%
2018 Black Panther
92%
2014 Guardians of the Galaxy
92%
2017 Guardians of the Galaxy Vol. 2
90%
2017 Spider-Man: Homecoming
88%
2019 Captain Marvel
87%
2016 Doctor Strange
83%
No matching quizzes found
Score Distribution
Percent of People with Each Score
Percentile by Number Answered
Your Score History
You have not taken this quiz